|
|
|
|
| LEADER |
00000cam a2200000 a 4500 |
| 001 |
200553 |
| 003 |
Ucuenca |
| 005 |
20230321220017.0 |
| 008 |
962121|1960 ||||||||r|||||||||||spa|| |
| 040 |
|
|
|b spa
|
| 041 |
0 |
|
|a eng
|
| 082 |
0 |
|
|a 428
|
| 100 |
1 |
|
|a Wrigth, Audrey L.
|9 83925
|
| 245 |
|
|
|a Practice your english
|c Audrey L. Wright
|h imp
|
| 250 |
|
|
|a 2a ed.
|
| 264 |
|
|
|a New York
|b American Book Company
|c 1960
|
| 300 |
|
|
|a xviii, 366 páginas:
|b ilu
|c 20 cm
|
| 650 |
|
|
|a Enseñanza de ingles
|9 22776
|
| 650 |
|
|
|a English practice
|9 59853
|
| 650 |
|
|
|a Grammar english
|9 26915
|
| 852 |
|
|
|a UC-SALUD
|f Donación
|l 1
|m General
|p 19621219
|q S/. 40
|t 200553
|b 0
|d CDRS
|e CDRS
|g 420
|z 1962-21-21
|
| 942 |
|
|
|c BK
|0 6
|
| 999 |
|
|
|c 54728
|d 54728
|